00696nam a2200241 a 4500001001300000003000900013005001700022008004100039020001000080082002000090100002400110245003900134260003200173300000900205500003500214505001000249650002300259650001900282902000800301942000700309952012100316999001700437nice12345678IN_TiNIC20260116013419.0050524s1999 kara grp 000 0 eng  ac20000a305.480297bJUM aJuma, Ahmad Khaleel aDar-E-Taabaeen Ki Namwar Khawateen aKarachibDarul Ishaatc1999 a383p aincludes index and biblioraphy2 aNotes aPhilosophy-Islamic aWomen in Islam bSRS cBK 001040708StackRoom-aHMIbHMId2007-03-26g200.00l0o305.480297 JUMp019485r2007-03-26v200.00w2005-05-24yBK c10893d10893